Direttorio della confessione generale in cui si porge sufficiente lume, si a' confessori, come a' penitenti, per farla ...

Detalles Bibliográficos
Autor principal: PORTO-MAURICIO, Leonardo de
Formato: Libro
Publicado: Roma 1771
Materias:
Colección:Banco de datos
Acervo:Biblioteca del Ex Convento de Nuestra Señora de Guadalupe. Zacatecas
Tema general:Pastoral
Notas:Buena. XVII,1,30 (5269)
LEADER 00725nam a22001930004500
035 |a 43735 
036 |a 4919 
100 1 |a PORTO-MAURICIO, Leonardo de 
245 1 0 |a Direttorio della confessione generale in cui si porge sufficiente lume, si a' confessori, come a' penitenti, per farla ... 
260 |a Roma  |b s.i.  |c 1771 
500 |a Buena. XVII,1,30 (5269) 
650 1 0 |a Pastoral 
949 |a CRZ-CG 
959 |a Ex convento de Nuestra Señora de Guadalupe, Museo Regional de Zacatecas, Zacatecas  |b CCC4 
960 |a Convento de Nuestra Señora de Guadalupe, Zacatecas  |b DD87 
961 |a Franciscana  |b OF 
942 |c CRZ-CG 
943 |g Biblioteca del Ex Convento de Nuestra Señora de Guadalupe. Zacatecas 
999 |c 967862  |d 967862